Kikhekna : (Record no. 7717)

MARC details
000 -LEADER
fixed length control field 00401nam a22001457a 4500
003 - CONTROL NUMBER IDENTIFIER
control field GBCCL
005 - DATE AND TIME OF LATEST TRANSACTION
control field 20241126110635.0
008 - FIXED-LENGTH DATA ELEMENTS--GENERAL INFORMATION
fixed length control field 180912b ||||| |||| 00| 0 eng d
040 ## - CATALOGING SOURCE
Transcribing agency gbc
082 ## - DEWEY DECIMAL CLASSIFICATION NUMBER
Classification number SOU KIK
Item number 2017
245 ## - TITLE STATEMENT
Title Kikhekna :
Remainder of title the 2nd Teikhang re-union souvenir /
Statement of responsibility, etc. edited by Richard V Valte
260 ## - PUBLICATION, DISTRIBUTION, ETC.
Date of publication, distribution, etc. 2017
Place of publication, distribution, etc. Teikhang:
Name of publisher, distributor, etc. Teikhang welfare assn.
300 ## - PHYSICAL DESCRIPTION
Extent 141p. ;
942 ## - ADDED ENTRY ELEMENTS (KOHA)
Source of classification or shelving scheme Dewey Decimal Classification
Koha item type Archives
Holdings
Withdrawn status Lost status Source of classification or shelving scheme Damaged status Not for loan Home library Current Library Shelving location Date acquired Total checkouts Full call number Barcode Date last seen Copy number Price effective from Koha item type
    Dewey Decimal Classification     GRACE BIBLE COLLEGE GRACE BIBLE COLLEGE Archives 2018-09-12   SOU KIK 2017 250094 2025-05-01 c.1 2018-09-12 Archives
© Grace Bible College Library 2025